000 00574nam a2200193 4500
001 131399
003 ES-MaACL
005 20251127165453.0
007 t|
008 070214s1958 sp r ||||1| spa d
100 1 _aRoca Fava, Sebastián.
_997991
245 1 0 _aSinopsis clínica /
_cS. Roca Fava ; [prólogo del Prof. B. Lorenzo Velázquez].
250 _a1ª ed.
260 _aMadrid :
_bAlhambra,
_c1958.
300 _a197 p. ;
_c24 cm.
700 1 _aLorenzo-Velázquez, B.,
_d1901-1985
_974198
852 _aES-MaACL
_jC-14329
_bR.42270
999 _c131399
_d131399